[Event "47th Rilton Cup 2017"]
[Site "?"]
[Date "2018.01.03"]
[Round "7"]
[White "Larson, Matthew W"]
[Black "Valsecchi, Alessio"]
[Result "0-1"]
[WhiteElo "2382"]
[BlackElo "2514"]
[Annotator "RC"]
[PlyCount "124"]
[EventDate "2018.??.??"]
[EventType "swiss"]
[EventCountry "SWE"]
[SourceTitle "Stockholm"]
[TimeControl "40/5400+30:1800+30"]
[WhiteClock "0:13:07"]
[BlackClock "0:38:22"]

1. d4 {[%emt 0:00:00]} Nf6 {[%emt 0:00:00]} 2. c4 {[%emt 0:00:00]} e6 {[%emt 0:00:00]} 3. Nc3 {[%emt 0:00:00]} d5 {[%emt 0:00:00]} 4. Bg5 {[%emt 0:00:00]} Be7 {[%emt 0:00:22]} 5. cxd5 {[%emt 0:00:00]} exd5 {[%emt 0:00:09]} 6. e3 {[%emt 0:00:00]} c6 {[%emt 0:00:28]} 7. Bd3 {[%emt 0:00:23]} Nbd7 {[%emt 0:00:17]} 8. f3 {[%emt 0:01:40]} Nh5 {[%emt 0:06:32]} 9. Bxe7 {[%emt 0:00:23]} Qxe7 {[%emt 0:00:03]} 10. Qd2 {[%emt 0:00:48]} Nf4 {[%emt 0:01:36]} 11. Bf1 {[%emt 0:06:09]} Nb6 {[%emt 0:01:51]} 12. Kf2 {[%emt 0:03:16]} Ne6 {[%emt 0:05:37]} 13. Bd3 {[%emt 0:00:43]} O-O {[%emt 0:06:34]} 14. Nge2 {[%emt 0:00:38]} f5 {[%emt 0:00:51]} 15. Rad1 {[%emt 0:06:04]} Bd7 {[%emt 0:00:51]} 16. Rhe1 {[%emt 0:06:36]} Rae8 {[%emt 0:08:33]} 17. Kg1 {[%emt 0:02:05]} Qf6 {[%emt 0:01:27]} 18. Nc1 {[%emt 0:07:13]} f4 {[%emt 0:04:40]} 19. Bf1 {[%emt 0:03:20]} fxe3 {[%emt 0:00:23]} 20. Rxe3 {[%emt 0:00:08]} Nf4 {[%emt 0:07:06]} 21. Rde1 {[%emt 0:06:47]} Rxe3 {[%emt 0:07:04]} 22. Rxe3 {[%emt 0:00:35]} Qg5 {[%emt 0:02:19]} 23. Qe1 {[%emt 0:06:32]} Nc4 {[%emt 0:06:47]} 24. Re7 {[%emt 0:01:37]} Nd2 {[%emt 0:00:42]} 25. h4 {[%emt 0:07:45]} Nxf3+ {[%emt 0:09:15]} 26. Kh1 {[%emt 0:00:13]} Nxe1 {[%emt 0:04:49]} 27. hxg5 {[%emt 0:00:13]} Ne6 {[%emt 0:00:08]} 28. Kg1 {[%emt 0:05:09]} Rf7 {[%emt 0:00:48]} 29. Rxf7 {[%emt 0:00:10]} Kxf7 {[%emt 0:00:03]} 30. Nb3 {[%emt 0:00:47]} Nc2 {[%emt 0:01:29]} 31. Ne2 {[%emt 0:01:11]} b6 {[%emt 0:00:42]} 32. Kf2 {[%emt 0:01:16]} Nxg5 {[%emt 0:01:19]} 33. Nf4 {[%emt 0:00:47]} Ne4+ {[%emt 0:03:29]} 34. Kf3 {[%emt 0:02:20]} Bg4+ {[%emt 0:05:22]} 35. Kxg4 {[%emt 0:00:05]} Ne3+ {[%emt 0:00:06]} 36. Kf3 {[%emt 0:03:01]} Nxf1 {[%emt 0:00:03]} 37. Nc1 {[%emt 0:01:01]} Nh2+ {[%emt 0:07:16]} 38. Ke3 {[%emt 0:02:14]} Ng4+ {[%emt 0:02:44]} 39. Kf3 {[%emt 0:00:30]} Nh2+ {[%emt 0:06:23]} 40. Ke3 {[%emt 0:00:07]} g5 {[%emt 0:00:29]} 41. Nfd3 {[%emt 0:33:27]} Ke6 {[%emt 0:30:10]} 42. Ne5 {[%emt 0:01:06]} Nf1+ {[%emt 0:00:00]} 43. Kf3 {[%emt 0:00:00]} c5 {[%emt 0:00:00]} 44. Ncd3 {[%emt 0:00:00]} Nh2+ {[%emt 0:00:00]} 45. Ke3 {[%emt 0:00:00]} c4 {[%emt 0:00:00]} 46. Nb4 {[%emt 0:00:00]} Ng3 {[%emt 0:00:00]} 47. Kd2 {[%emt 0:00:00]} Nhf1+ {[%emt 0:00:00]} 48. Ke1 {[%emt 0:00:00]} Ne3 {[%emt 0:00:00]} 49. Kf2 {[%emt 0:00:00]} Nef5 {[%emt 0:00:00]} 50. Nf3 {[%emt 0:00:00]} Ne4+ {[%emt 0:00:00]} 51. Ke1 {[%emt 0:00:00]} g4 {[%emt 0:00:00]} 52. Ne5 {[%emt 0:00:00]} h5 {[%emt 0:00:00]} 53. Ng6 {[%emt 0:00:00]} Nxd4 {[%emt 0:00:00]} 54. Nf4+ {[%emt 0:00:00]} Ke5 {[%emt 0:00:00]} 55. Nfxd5 {[%emt 0:00:00]} a5 {[%emt 0:00:00]} 56. Nxb6 {[%emt 0:00:00]} axb4 {[%emt 0:00:00]} 57. Nxc4+ {[%emt 0:00:00]} Kf4 {[%emt 0:00:00]} 58. a4 {[%emt 0:00:00]} bxa3 {[%emt 0:00:00]} 59. bxa3 {[%emt 0:00:00]} h4 {[%emt 0:00:00]} 60. Kf1 {[%emt 0:00:00]} h3 {[%emt 0:00:00]} 61. gxh3 {[%emt 0:00:00]} gxh3 {[%emt 0:00:00]} 62. a4 {[%emt 0:00:00]} Ng3+ {[%emt 0:00:00]} 0-1

[Event "47th Rilton Cup 2017"]
[Site "?"]
[Date "2018.01.03"]
[Round "7"]
[White "Koykka, Pekka"]
[Black "Tikkanen, Hans"]
[Result "1-0"]
[WhiteElo "2370"]
[BlackElo "2517"]
[Annotator "TA"]
[PlyCount "65"]
[EventDate "2018.??.??"]
[EventType "swiss"]
[EventCountry "SWE"]
[SourceTitle "Stockholm"]

{[%evp 17,65,26,19,0,19,18,18,8,6,13,5,15,37,0,31,26,31,3,57,7,37,33,74,-20,43,43,47,35,43,38,108,106,113,97,102,127,362,356,341,339,401,398,454,445,450,428,518,511,509,501]} 1. e4 d6 2. d4 Nf6 3. Nc3 g6 4. Be3 c6 5. Qd2 Nbd7 6. f3 b5 7. d5 cxd5 {B07: Pirc Defence: Miscellaneous Systems} 8. Nxd5 (8. Bxb5 dxe4 9. Bc6 Rb8 10. Bxa7 Rxb2 11. Qc1 Rb6 12. Bxb6 Qxb6 13. Bxd7+ Nxd7 14. Nxe4 Bg7 15. Rb1 {0-1 (43) Doluhanova,E (2352)-Gaponenko,I (2435) Zhitomir 2017}) 8... a6 9. a4 bxa4 {LiveBook: 5 Games. White has an edge.} 10. Rxa4 (10. Nxf6+ {is more complex.} Nxf6 11. Rxa4 Bb7 12. Ne2 Bg7 13. Nc3) 10... Bb7 11. Nxf6+ Nxf6 12. Nh3 Bg7 13. Be2 $146 ({Predecessor:} 13. Nf4 e5 14. Nd5 Nxd5 15. exd5 {½-½ (62) Karabalis,H (2227)-Fischer,R (2163) Germany 2002}) 13... O-O 14. O-O Qc7 15. Nf4 Rfd8 16. c4 e6 17. Rc1 Qe7 ({Black should try} 17... a5 $11) 18. Qb4 Bc6 {[#] Hoping for ...Rdb8.} 19. Ra5 Rdb8 20. Qa3 (20. Qd2 $16) 20... Qb7 (20... Nxe4 $1 $11 21. b4 Nf6) 21. Nd3 $14 d5 22. cxd5 exd5 23. e5 Nd7 (23... Ne8 $1 $14) 24. Qd6 $16 Rc8 25. e6 $36 {[%mdl 2048] aiming for Nb4. Black is under strong pressure.} fxe6 {[#]} 26. Nb4 $1 {[%cal Rb4c6]} Ne5 $2 (26... Nb8 $16 {might work better.}) 27. Bxa6 $18 Qd7 28. Rxc6 $1 Qxd6 29. Rxd6 Nc4 30. Bxc8 {White is clearly winning.} Rxc8 31. Rc6 Rb8 32. Rxc4 dxc4 33. Nc6 {Precision: White = 54%, Black = 31%.} 1-0

[Event "47th Rilton Cup 2017"]
[Site "?"]
[Date "2018.01.03"]
[Round "7"]
[White "Liu, Yi"]
[Black "Ostrovskiy, Andrey"]
[Result "1/2-1/2"]
[WhiteElo "2337"]
[BlackElo "2448"]
[Annotator "TA"]
[PlyCount "89"]
[EventDate "2018.??.??"]
[EventType "swiss"]
[EventCountry "SWE"]
[SourceTitle "Stockholm"]

{[%evp 22,89,10,9,23,26,28,-9,36,0,36,0,0,-17,-1,-24,0,-20,48,40,31,25,32,16,43,0,0,-4,-17,0,60,48,96,0,0,0,0,-155,-155,-150,-130,-175,-173,-180,-178,-276,-276,-276,-276,-260,-260,-258,-250,-238,-241,-625,-624,-671,-652,-576,0,0,0,0,0,0,0,0,0,0]} 1. d4 Nf6 {[%cal Bg8f6,Bf6e4,Be4d2][%mdl 32]} 2. c4 e6 3. Nc3 Bb4 4. e3 b6 5. Nge2 Ne4 6. Bd2 Nxd2 7. Qxd2 Bb7 8. a3 {E44: Nimzo-Indian: Rubinstein: 4...b6 5 Ne2} Be7 9. d5 O-O 10. g3 e5 11. Bg2 d6 12. O-O {LiveBook: 8 Games} h5 $146 ({Predecessor:} 12... Nd7 13. f4 g6 14. Rae1 Bf6 15. g4 Bg7 16. g5 Qe7 {1-0 (41) Volkov,S (2629)-Moiseenko,A (2631) Sochi 2004}) 13. f4 Nd7 14. h3 Qc8 15. Kh2 Nf6 16. b4 Re8 17. Nc1 exf4 18. exf4 c6 19. N1e2 cxd5 (19... c5 $11) 20. cxd5 $14 a5 21. Nd4 axb4 22. axb4 Qc4 {[%cal Rf6d5]} 23. Nc6 (23. Ncb5 $5 {[%cal Rf1c1]} Rxa1 24. Rxa1 $14) 23... Bf8 24. Rfc1 Rxa1 25. Rxa1 Bxc6 (25... g6 $11) 26. dxc6 h4 27. Rc1 (27. gxh4 $16 {aiming for Ra2.} Qxb4 28. Ra2) 27... hxg3+ 28. Kxg3 Qxb4 29. Nb1 $2 ({White should try} 29. Rc2 $11) 29... Qb3+ 30. Kh2 d5 31. c7 {[#]} Rc8 $1 {White must now prevent ...Bd6.} 32. Nc3 {[%cal Rc3d5]} Bb4 33. Bxd5 (33. Qa2 {keeps fighting.} Qxa2 34. Nxa2) 33... Bxc3 $19 34. Rxc3 Qxd5 35. Rd3 Qf5 36. Rd8+ {[#]} Ne8 $1 37. Qf2 Qe6 ({Not} 37... Rxc7 38. Rxe8+ Kh7 39. Qh4+ Kg6 40. Qg3+ Kh7 41. Qh4+ Kg6 42. Qg3+ Kf6 43. Qh4+ Kg6 $11) 38. Qc2 $2 (38. f5 Qe5+ 39. Qg3 Qxf5 40. Qe1 Qf4+ 41. Qg3) 38... f5 39. Qa4 Kh7 40. Qd1 Kh6 $2 (40... b5 $19 41. Rxc8 Qxc8) 41. Rxc8 $1 $11 {The position is equal.} Qxc8 42. Qd8 Qxc7 43. Qg5+ Kh7 44. Qh5+ Kg8 45. Qxe8+ {Precision: White = 35%, Black = 61%.} 1/2-1/2

[Event "47th Rilton Cup 2017"]
[Site "?"]
[Date "2018.01.04"]
[Round "8"]
[White "Sasikiran, Krishnan"]
[Black "Blomqvist, Erik"]
[Result "1-0"]
[WhiteElo "2680"]
[BlackElo "2499"]
[Annotator "TA"]
[PlyCount "106"]
[EventDate "2018.??.??"]
[EventType "swiss"]
[EventCountry "SWE"]
[SourceTitle "Stockholm"]

{[%evp 11,106,23,23,18,27,18,32,35,55,54,57,56,66,39,68,32,45,38,46,47,45,46,43,41,51,43,39,42,41,39,43,38,35,39,55,50,50,50,53,51,46,22,48,53,64,32,32,32,45,22,59,50,50,50,50,50,58,58,58,58,68,29,40,8,58,45,45,29,29,29,29,29,34,37,122,115,209,174,168,8,8,8,32,32,348,344,962,913,937,951,947,887,1853,1791,6087,5051,1797]} 1. e4 d5 2. exd5 Qxd5 3. Nc3 Qa5 4. g3 Nf6 5. Bg2 c6 6. h3 Bf5 {LiveBook: 5 Games. B01: Scandinavian Defence} 7. Nf3 e6 8. O-O Be7 {The position is equal.} 9. Nh4 Bg6 10. Nxg6 hxg6 11. Rb1 $146 ({Predecessor:} 11. a3 Nbd7 12. d3 O-O 13. Rb1 Qc7 14. b4 a6 15. Re1 {1-0 (35) Yudasin,L (2550)-Bartholomew,J (2440) Philadelphia 2008}) 11... Qc7 12. b4 a6 13. a4 O-O 14. d3 Nbd7 15. a5 Nd5 16. Nxd5 exd5 17. c4 Nf6 18. Qb3 Qd7 19. Be3 Rfe8 20. Rfe1 Bd8 21. Qb2 Bc7 22. Bd4 Rxe1+ 23. Rxe1 dxc4 24. dxc4 Re8 25. Rxe8+ Nxe8 26. Qc3 Qf5 27. Qe1 Kf8 28. Qe4 (28. b5 {is more complex.} cxb5 29. Bxb7 bxc4 30. Qb4+ Kg8 31. Bxa6 Qxa5 32. Qxa5 Bxa5 33. Bxc4 Nd6 34. Bd3) 28... Qxe4 29. Bxe4 $14 {[%mdl 4096] Endgame KBB-KBN} Ke7 30. Bc3 Kd7 31. Kf1 Bd8 32. Ke2 Bf6 33. Bd2 Nc7 34. f4 Ne6 35. Kd3 Be7 36. Bc3 f5 37. Bf3 (37. Bh1 {seems wilder.} g5 38. fxg5 Nxg5 39. h4 Ne6 40. Bf3) 37... Bf6 (37... g5 {is interesting.} 38. fxg5 Nxg5 39. Bg2 g6 40. g4 Ne6) 38. Bxf6 gxf6 {KB-KN} 39. h4 Ng7 40. Ke3 Kd6 41. Be2 Nh5 42. g4 fxg4 (42... Ng7 $1 $14) 43. Bxg4 $16 Ng7 {[#]} (43... f5 $16 {might work better.} 44. Bxh5 gxh5) 44. f5 $1 $18 {[%cal Rf5g6]} gxf5 45. Bd1 $2 ({White should try} 45. Bf3 $18) 45... Ke5 46. h5 {aiming for h6.} f4+ 47. Kd3 {And now h6 would win.} Nf5 $2 {[%mdl 8192]} (47... Ne6 $1 $14) 48. Bg4 Nh6 $2 (48... f3 49. Bxf3 Nh6) 49. Bc8 {White is clearly winning.} f3 50. Bxb7 Kf4 51. Bxc6 Ng4 {[#]} 52. Bxf3 $1 {[%mdl 512]} Kxf3 53. b5 Ne5+ {Precision: White = 63%, Black = 49%.} 1-0

[Event "47th Rilton Cup 2017"]
[Site "?"]
[Date "2018.01.04"]
[Round "8"]
[White "Piorun, Kacper"]
[Black "Tari, Aryan"]
[Result "1/2-1/2"]
[WhiteElo "2651"]
[BlackElo "2593"]
[Annotator "TA"]
[PlyCount "61"]
[EventDate "2018.??.??"]
[EventType "swiss"]
[EventCountry "SWE"]
[SourceTitle "Stockholm"]

{[%evp 23,61,12,28,20,68,-7,-7,-7,-7,-7,-7,-7,-7,-7,-7,-7,-7,-7,-7,-7,-7,-7,-7,-7,0,-7,0,-7,0,-7,0,-7,0,-7,0,-7,0,-7,0,-7]} 1. Nf3 Nf6 2. g3 g6 3. c4 c6 4. Bg2 Bg7 5. O-O O-O 6. b3 Ne4 7. d4 d5 8. Bb2 a5 9. Nc3 Bf5 10. e3 Nxc3 11. Bxc3 Be4 12. Rc1 Nd7 {[%cal Bb8d7,Bd7f6,Bf6e4][%mdl 32]} 13. Bh3 {D78: Fianchetto Grünfeld: 6 0-0 c6} Nf6 $146 ({Predecessor:} 13... e6 14. Qe2 Bxf3 15. Qxf3 a4 16. Qe2 axb3 17. axb3 Qb6 18. Rb1 Ra3 19. Qc2 Rfa8 20. Rfc1 Ra2 {½-½ (52) Matlakov,M (2684)-Xiang,Z (2237) Harbin 2016}) 14. a4 (14. Nh4 $14) 14... Bxf3 $11 {The position is equal.} 15. Qxf3 Ne4 16. Bg2 Nxc3 17. Rxc3 {[%cal Rc4d5]} e6 18. Rd1 Qb6 19. Qe2 Rfd8 20. Qc2 Rd7 21. Rcd3 Rad8 22. Bf3 Qb4 23. Kg2 Bf6 24. Kg1 Bg7 25. Kg2 Bf6 26. Kg1 Bg7 27. Kg2 Bf6 28. Kg1 Bg7 29. Kg2 Bf6 30. Kg1 Bg7 31. Kg2 {Precision: White = 74%, Black = 44%.} 1/2-1/2

[Event "47th Rilton Cup 2017"]
[Site "?"]
[Date "2018.01.04"]
[Round "8"]
[White "Hammer, Jon Ludvig"]
[Black "Leenhouts, Koen"]
[Result "1-0"]
[WhiteElo "2620"]
[BlackElo "2478"]
[Annotator "TA"]
[PlyCount "139"]
[EventDate "2018.??.??"]
[EventType "swiss"]
[EventCountry "SWE"]
[SourceTitle "Stockholm"]

{[%evp 16,139,17,20,38,32,43,7,38,-1,29,18,61,43,77,66,74,72,78,56,49,0,45,0,0,-34,89,93,97,68,86,95,95,100,220,158,148,134,134,133,133,141,134,145,153,132,148,132,146,139,146,145,139,141,134,139,134,152,146,139,151,139,130,127,153,56,56,50,56,56,58,56,110,68,130,118,193,182,539,550,517,512,452,136,132,151,150,146,147,131,146,121,133,122,163,141,158,156,293,293,285,285,545,536,492,474,612,598,1046,76,1008,1031,29971,29972,29955,11968,12796,10274,5401,5389,29979,29980,29980,29981,29979,29981]} 1. c4 g6 2. e4 e5 3. d4 Nf6 4. Nf3 exd4 5. e5 Ne4 6. Qxd4 {A10: Abarten von Holländisch, Damenindisch, Königsindisch (ohne d2-d4)} Bb4+ 7. Kd1 f5 8. exf6 Nxf6 9. Bh6 {LiveBook: 5 Partien. Schwarz sollte Lg7 verhindern.} Bf8 (9... Nc6 10. Qe3+ Kf7 11. c5 d5 12. cxd6 cxd6 {1-0 (59) Harikrishna,P (2744)-Aronian,L (2805) Riadh 2017}) 10. Bg5 $146 ({Vorgänger:} 10. Bxf8 Kxf8 11. Nc3 Nc6 12. Qd2 {0-1 (34) Gajewski,G (2634)-Kolosowski,M (2421) Poland 2017}) 10... Bg7 11. Qe3+ $1 Qe7 12. Qxe7+ Kxe7 13. Nc3 {Schwarz muss nun Sd5+ beachten.} c6 14. c5 d5 15. cxd6+ $1 Kxd6 16. Bc4 b5 17. Bf4+ Kc5 18. Bb3 Rd8+ 19. Kc1 {Und weiter mit a4 wäre nett.} Kb6 20. a4 a5 (20... b4 $15 {behält die Oberhand.} 21. Nd1 Na6) 21. axb5 $16 cxb5 22. Rd1 $36 {[%mdl 2048] Weiss hat gut koordiniertes Spiel.} Nc6 23. Be3+ Ka6 24. Nxb5 Rb8 (24... Rxd1+ $16 25. Kxd1 Rb8) 25. Rxd8 Nxd8 26. Nbd4 {Und Lc4+ würde nun gewinnen.} Ng4 27. Bd2 Nc6 28. Nxc6 Rxb3 29. Nfd4 Bxd4 30. Nxd4 Rd3 31. Rxa5+ Kb6 32. Rb5+ Ka6 33. Rb4 Nxf2 34. Kc2 {Droht Le1 und aus.} Bg4 35. h3 Bd1+ 36. Kc1 {Droht stark Se6.} Ne4 37. Ne6 ({Viel schlechter ist} 37. Kxd1 $6 Rxd2+ 38. Kc1 Rxg2 $11) 37... Rxd2 38. Rxe4 {[%mdl 4096] Endspiel KTL-KTS} Rd6 39. b3 g5 40. Nd4 ({Finger weg von} 40. Nxg5 Bxb3 41. Re3 (41. Nxh7 Rd1+ 42. Kb2 Bd5 $14) 41... Rc6+ 42. Kb2 Bg8 $16) ({Lieber} 40. Re3 $16) 40... Bh5 $14 41. Kb2 Bf7 42. Kc3 Bd5 43. Re2 Rd7 (43... Kb6 $14) 44. g3 Rc7+ ({Günstiger ist} 44... Kb6 $14) 45. Kb4 $1 $16 Rb7+ (45... Kb6 $16 46. Re5 Bg2) 46. Kc5 $1 $18 {[%cal Re2a2]} Bxb3 $2 {[#]} (46... Rd7 47. Nc6 Kb7) 47. Re3 $1 Ba4 48. Ra3 {[%cal Ra3a4]} Rc7+ 49. Kd6 $2 (49. Kb4 $18 {und der Rest ist Schweigen.}) 49... Rd7+ $16 50. Ke5 Ka5 {[#]} 51. Ne6 $1 Rd1 52. Nxg5 Kb4 53. Rf3 Bc2 54. Rf4+ Kb5 55. Rh4 Re1+ 56. Kf6 Kc5 (56... Rf1+ $16 57. Rf4 Rd1) 57. Nxh7 $18 Rf1+ 58. Kg7 Kd5 $2 (58... Kd6 {war einen Versuch wert.} 59. Ng5 Kd5) 59. Nf6+ Ke6 60. Rc4 Rf3 61. g4 ({Schwächer ist} 61. Rxc2 Rxg3+ 62. Ng4 Rxh3 $14) 61... Bb3 62. Re4+ Kd6 63. h4 {[%cal Bh3h4,Bh4h5,Bh5h6,Bh6h7][%mdl 32]} Be6 64. h5 Ra3 65. Kg6 Ba2 66. h6 Bb1 67. h7 Rh3 68. Kg7 {Weiß setzt Matt.} Bxe4 69. Nxe4+ Ke5 70. Nf2 {Precision: Weiß = 72%, Schwarz = 43%.} 1-0

[Event "47th Rilton Cup 2017"]
[Site "?"]
[Date "2018.01.04"]
[Round "8"]
[White "Gledura, Benjamin"]
[Black "Salomon, Johan"]
[Result "0-1"]
[WhiteElo "2613"]
[BlackElo "2475"]
[Annotator "RC"]
[PlyCount "98"]
[EventDate "2018.??.??"]
[EventType "swiss"]
[EventCountry "SWE"]
[SourceTitle "Stockholm"]
[TimeControl "40/5400+30:1800+30"]
[WhiteClock "0:09:17"]
[BlackClock "0:18:07"]

1. Nf3 {[%emt 0:00:00]} d5 {[%emt 0:00:00]} 2. c4 {[%emt 0:00:06]} d4 {[%emt 0:00:59]} 3. b4 {[%emt 0:01:02]} f6 {[%emt 0:00:34]} 4. d3 {[%emt 0:02:00]} e5 {[%emt 0:00:25]} 5. a3 {[%emt 0:00:20]} a5 {[%emt 0:04:00]} 6. b5 {[%emt 0:01:00]} Ne7 {[%emt 0:01:49]} 7. g3 {[%emt 0:03:55]} Nf5 {[%emt 0:00:10]} 8. Bg2 {[%emt 0:01:27]} Nd7 {[%emt 0:02:46]} 9. Nfd2 {[%emt 0:09:26]} a4 {[%emt 0:05:28]} 10. Ne4 {[%emt 0:01:54]} Be7 {[%emt 0:03:43]} 11. Bd2 {[%emt 0:03:16]} c6 {[%emt 0:07:26]} 12. bxc6 {[%emt 0:02:20]} bxc6 {[%emt 0:00:04]} 13. Bb4 {[%emt 0:04:39]} O-O {[%emt 0:03:42]} 14. c5 {[%emt 0:06:44]} Nb8 {[%emt 0:01:40]} 15. Nbd2 {[%emt 0:01:29]} Be6 {[%emt 0:00:46]} 16. Nc4 {[%emt 0:00:24]} Bxc4 {[%emt 0:08:36]} 17. dxc4 {[%emt 0:00:07]} Nh6 {[%emt 0:00:07]} 18. O-O {[%emt 0:20:47]} Nd7 {[%emt 0:07:55]} 19. Qd3 {[%emt 0:10:57]} f5 {[%emt 0:09:21]} 20. Nd6 {[%emt 0:00:53]} Nxc5 {[%emt 0:08:14]} 21. Bxc5 {[%emt 0:00:11]} Bxd6 {[%emt 0:00:06]} 22. Bxd6 {[%emt 0:00:23]} Qxd6 {[%emt 0:00:05]} 23. c5 {[%emt 0:00:06]} Qe6 {[%emt 0:03:32]} 24. f4 {[%emt 0:00:07]} e4 {[%emt 0:10:03]} 25. Qxd4 {[%emt 0:00:06]} Rfd8 {[%emt 0:00:04]} 26. Qc3 {[%emt 0:00:53]} Qb3 {[%emt 0:00:55]} 27. Qxb3+ {[%emt 0:02:15]} axb3 {[%emt 0:00:04]} 28. Rfb1 {[%emt 0:00:20]} Rdb8 {[%emt 0:02:14]} 29. h3 {[%emt 0:03:44]} Ra5 {[%emt 0:00:41]} 30. a4 {[%emt 0:07:11]} Rxc5 {[%emt 0:01:57]} 31. Kf2 {[%emt 0:00:11]} Rc2 {[%emt 0:04:42]} 32. a5 {[%emt 0:00:26]} c5 {[%emt 0:00:19]} 33. a6 {[%emt 0:00:21]} c4 {[%emt 0:00:19]} 34. a7 {[%emt 0:00:27]} Ra8 {[%emt 0:00:04]} 35. g4 {[%emt 0:03:18]} g6 {[%emt 0:02:33]} 36. Ra6 {[%emt 0:00:33]} Nf7 {[%emt 0:00:30]} 37. gxf5 {[%emt 0:01:47]} gxf5 {[%emt 0:00:03]} 38. Ra5 {[%emt 0:00:11]} Nd6 {[%emt 0:05:11]} 39. Rd5 {[%emt 0:00:09]} Rxa7 {[%emt 0:00:23]} 40. Rxd6 {[%emt 0:00:07]} Raa2 {[%emt 0:01:51]} 41. Bf1 b2 {[%emt 0:35:58]} 42. Rdd1 {[%emt 0:36:38]} Ra3 {[%emt 0:00:00]} 43. h4 {[%emt 0:00:00]} Rf3+ {[%emt 0:00:00]} 44. Ke1 {[%emt 0:00:00]} Rxf4 {[%emt 0:00:00]} 45. Bh3 {[%emt 0:00:00]} Rxh4 {[%emt 0:00:00]} 46. Bxf5 {[%emt 0:00:00]} e3 {[%emt 0:00:00]} 47. Be6+ {[%emt 0:00:00]} Kg7 {[%emt 0:00:00]} 48. Bd5 {[%emt 0:00:00]} c3 {[%emt 0:00:00]} 49. Rd3 {[%emt 0:00:00]} Rc1+ {[%emt 0:00:00]} 0-1

[Event "47th Rilton Cup 2017"]
[Site "?"]
[Date "2018.01.04"]
[Round "8"]
[White "Alekseenko, Kirill"]
[Black "Krasenkow, Michal"]
[Result "1-0"]
[WhiteElo "2590"]
[BlackElo "2671"]
[PlyCount "99"]
[EventDate "2018.??.??"]
[EventType "swiss"]
[EventCountry "SWE"]
[SourceTitle "Stockholm"]
[TimeControl "40/5400+30:1800+30"]
[WhiteClock "0:15:58"]
[BlackClock "0:26:21"]

1. e4 {[%emt 0:00:00]} c5 {[%emt 0:00:00]} 2. Nc3 {[%emt 0:00:24]} Nc6 {[%emt 0:00:21]} 3. Bb5 {[%emt 0:00:26]} Nd4 {[%emt 0:00:39]} 4. Nf3 {[%emt 0:00:29]} e6 {[%emt 0:00:46]} 5. O-O {[%emt 0:00:45]} a6 {[%emt 0:00:47]} 6. Bd3 {[%emt 0:00:31]} Nxf3+ {[%emt 0:00:15]} 7. Qxf3 {[%emt 0:00:10]} Bd6 {[%emt 0:00:10]} 8. Be2 {[%emt 0:17:54]} Qc7 {[%emt 0:05:58]} 9. Qh3 {[%emt 0:01:05]} Ne7 {[%emt 0:05:25]} 10. d3 {[%emt 0:01:52]} Ng6 {[%emt 0:02:56]} 11. g3 {[%emt 0:01:15]} h5 {[%emt 0:03:28]} 12. f4 {[%emt 0:09:22]} h4 {[%emt 0:00:14]} 13. Qg2 {[%emt 0:04:03]} hxg3 {[%emt 0:00:53]} 14. hxg3 {[%emt 0:00:14]} Be7 {[%emt 0:00:47]} 15. Be3 {[%emt 0:03:58]} b6 {[%emt 0:11:30]} 16. e5 {[%emt 0:04:15]} Bb7 {[%emt 0:01:05]} 17. Bf3 {[%emt 0:00:09]} O-O-O {[%emt 0:01:19]} 18. d4 {[%emt 0:01:54]} cxd4 {[%emt 0:05:36]} 19. Bxd4 {[%emt 0:00:45]} Rh6 {[%emt 0:10:19]} 20. f5 {[%emt 0:04:29]} Nxe5 {[%emt 0:12:19]} 21. Bxb7+ {[%emt 0:02:50]} Kb8 {[%emt 0:00:01]} 22. Bxa6 {[%emt 0:02:10]} Bc5 {[%emt 0:04:11]} 23. Nb5 {[%emt 0:08:22]} Bxd4+ {[%emt 0:01:56]} 24. Nxd4 {[%emt 0:00:46]} Rdh8 {[%emt 0:00:37]} 25. fxe6 {[%emt 0:04:39]} fxe6 {[%emt 0:02:06]} 26. Rae1 {[%emt 0:06:57]} Ng4 {[%emt 0:03:29]} 27. Rf4 {[%emt 0:00:34]} Nf6 {[%emt 0:00:55]} 28. Rf3 {[%emt 0:10:05]} Qc5 {[%emt 0:05:22]} 29. c3 {[%emt 0:03:21]} Qd5 {[%emt 0:04:46]} 30. Ref1 {[%emt 0:02:44]} e5 {[%emt 0:09:50]} 31. Nf5 {[%emt 0:00:04]} Rh2 {[%emt 0:01:10]} 32. Qxh2 {[%emt 0:00:17]} Rxh2 {[%emt 0:00:05]} 33. Kxh2 {[%emt 0:00:03]} e4 {[%emt 0:00:07]} 34. Rf4 {[%emt 0:00:45]} Qxa2 {[%emt 0:01:08]} 35. Nxg7 {[%emt 0:00:54]} Nd5 {[%emt 0:00:59]} 36. Rf8+ {[%emt 0:01:09]} Ka7 {[%emt 0:00:45]} 37. Be2 {[%emt 0:01:21]} Qxb2 {[%emt 0:00:22]} 38. R1f2 {[%emt 0:00:42]} Nxc3 {[%emt 0:02:12]} 39. Bf1 {[%emt 0:02:12]} Qc1 {[%emt 0:01:09]} 40. R8f7 {[%emt 0:02:31]} b5 {[%emt 0:02:27]} 41. Rxd7+ {[%emt 0:04:35]} Kb6 {[%emt 0:00:03]} 42. Rf6+ {[%emt 0:02:51]} Ka5 {[%emt 0:00:07]} 43. Ne6 {[%emt 0:01:14]} Qb2+ {[%emt 0:08:50]} 44. Kh3 {[%emt 0:00:35]} Nd5 {[%emt 0:02:07]} 45. Rxd5 {[%emt 0:01:14]} Qxf6 {[%emt 0:00:10]} 46. Rxb5+ {[%emt 0:00:10]} Ka4 {[%emt 0:00:05]} 47. Nf4 {[%emt 0:00:09]} e3 {[%emt 0:06:09]} 48. Be2 {[%emt 0:00:12]} Qe7 {[%emt 0:01:48]} 49. g4 {[%emt 0:01:06]} Qe4 {[%emt 0:00:49]} 50. Kg3 {[%emt 0:00:07]} 1-0